| 000 | 01462cad a2200265 4500 | ||
|---|---|---|---|
| 001 | L158786 | ||
| 008 | 100215n2013 000 0 eng u | ||
| 020 | _a9781783210305 | ||
| 035 | _a(Sirsi) u158786 | ||
| 041 | _aeng | ||
| 100 | 1 | _aRamachandra, Thanuja | |
| 111 | 2 |
_aConstruction and Building Research Conference _cIIT Delhi, New Delhi _d10-12 September 2013 |
|
| 245 | 0 | 0 |
_aEvaluating the effectiveness of construction payment provisions in New Zealand _h[electronic resource] |
| 260 |
_aLondon _bRICS _c2013 |
||
| 490 | 0 |
_aCOBRA _v2013 |
|
| 520 | _aA paper presented at the COBRA Conference in New Delhi on 10-12 September 2013. Looks at the effectiveness of payment provisions in relation to the current Constructions Contracts Act in New Zealand and suggests possible changes to increase the effectiveness of the Act. The research recommends that there needs to be changes to the CCA to have a separate means of securing payment in the form of escrow account, payment bond or any other means. This would encourage construction parties to use the CCA provisions and thereby improve the effectiveness of the overall Act. | ||
| 650 | 2 | 4 | _aCONSTRUCTION AND BUILDING RESEARCH CONFERENCE (COBRA) |
| 650 | 2 | 4 | _aSTANDARD FORMS OF CONTRACT |
| 650 | 2 | 4 | _aCONSTRUCTION CONTRACTS ACT (NEW ZEALAND) 2002 |
| 650 | 2 | 4 | _aPAYMENT PROVISIONS |
| 651 | 4 | _aNew Zealand | |
| 690 |
_aProject management _96261 |
||
| 700 | 1 | _aRotimi, James Olabode B. | |
| 942 | _n0 | ||
| 999 |
_c115506 _d115506 |
||